Memento práctico Francis Lefebvre. (Record no. 184862)

MARC details
000 -LEADER
campo de control de longitud fija 01281nam a2200337 i 4500
001 - NÚMERO DE CONTROL
campo de control 184862
003 - IDENTIFICADOR DE NÚMERO DE CONTROL
campo de control ES-MaACL
005 - FECHA Y HORA DE LA ÚLTIMA TRANSACCIÓN
campo de control 20240228112047.0
008 - DATOS DE LONGITUD FIJA--INFORMACIÓN GENERAL
campo de control de longitud fija 160205s2015 sp |||| | spa d
020 ## - NÚMERO INTERNACIONAL ESTÁNDAR DEL LIBRO
Número Internacional Estándar del Libro 978-84-16268-83-2
080 ## - NÚMERO DE LA CLASIFICACIÓN DECIMAL UNIVERSAL
Número de la Clasificación Decimal Universal 349.243(460)
245 00 - MENCIÓN DEL TÍTULO
Título Memento práctico Francis Lefebvre.
Nombre de parte o sección de la obra Prevención de riesgos laborales 2016-2017 /
Mención de responsabilidad, etc. [coordinador, Fernando Villalobos Cabrera].
246 38 - FORMA VARIANTE DEL TITULO
Título propio/Titulo breve Memento prevención de riesgos laborales
Resto del título : 2016-2017
246 30 - FORMA VARIANTE DEL TITULO
Título propio/Titulo breve Prevención de riesgos laborales 2016-2017
250 ## - MENCION DE EDICION
Mención de edición Act. a 13 de nov. de 2015.
260 ## - PUBLICACIÓN, DISTRIBUCIÓN, ETC.
Lugar de publicación, distribución, etc. Madrid :
Nombre del editor, distribuidor, etc. Francis Lefebvre,
Fecha de publicación, distribución, etc. 2015.
300 ## - DESCRIPCIÓN FÍSICA
Extensión 1816 p., [3] h. ;
Dimensiones 24 cm.
490 1# - MENCIÓN DE SERIE
Mención de serie Mementos prácticos
500 ## - NOTA GENERAL
Nota general Anexo legislativo.
500 ## - NOTA GENERAL
Nota general Índice.
596 ## - NOTA AL PIE DE IMPRENTA
NOTA AL PIE DE IMPRENTA En contracub.: Lefebvre. El Derecho.
650 #7 - PUNTO DE ACCESO ADICIONAL DE MATERIA--TÉRMINO DE MATERIA
Término de materia o nombre geográfico como elemento de entrada Seguridad industrial-
Subdivisión geográfica España.
9 (RLIN) 17018
650 ## - PUNTO DE ACCESO ADICIONAL DE MATERIA--TÉRMINO DE MATERIA
Término de materia o nombre geográfico como elemento de entrada Seguridad industrial-
Subdivisión geográfica España.
9 (RLIN) 17018
700 1# - ENTRADA AGREGADA--NOMBRE PERSONAL
Nombre de persona Villalobos Cabrera, Fernando.
9 (RLIN) 158699
710 2# - ENTRADA AGREGADA--NOMBRE DE ENTIDAD CORPORATIVA
Nombre de entidad corporativa o nombre de jurisdicción como elemento de entrada Ediciones Francis Lefebvre.
9 (RLIN) 158696
710 2# - ENTRADA AGREGADA--NOMBRE DE ENTIDAD CORPORATIVA
Nombre de entidad corporativa o nombre de jurisdicción como elemento de entrada El Derecho (Editorial)
9 (RLIN) 158682
830 0# - PUNTO DE ACCESO ADICIONAL DE SERIE-TÍTULO UNIFORME
Título uniforme Mementos prácticos
9 (RLIN) 192240
852 ## - LOCALIZACIÓN
Ubicación ES-MaACL
Número de control de estantería A-15289
itemnumber 191877
Ubicación en estantería Depósito 1
Signatura antigua Olim: L 349.243 "2016/17" mem
-- Olim: Meseton
Donativo/Legado Donación: Editorial
942 ## - ELEMENTOS DE ENTRADA SECUNDARIOS (KOHA)
Fuente del sistema de clasificación o colocación Clasificación decimal universal
Holdings
Estatus retirado Estado de pérdida Fuente del sistema de clasificación o colocación Estado de daño No para préstamo Biblioteca de origen Biblioteca actual Ubicación en estantería Fecha de adquisición Fuente de adquisición Total de préstamos Signatura topográfica completa Código de barras Visto por última vez Precio de reemplazo Tipo de ítem Koha
    Clasificación decimal universal     Biblioteca del Ateneo de Madrid Biblioteca del Ateneo de Madrid Depósito 1 05/02/2016 Donación   A-15289 1194690 23/02/2023 23/02/2023 Libro impreso